[Event "Cergy Pontoise-Gonfreville l'Orcher II"]
[Site "Gonfreville l'Orcher"]
[Date "2008.04.06"]
[Round "11.6"]
[White "Vaugeois, Cyrille"]
[Black "Hameau, Cyril"]
[Result "1-0"]
[WhiteElo "2196"]
[BlackElo "2044"]
[PlyCount "113"]
[EventDate "2008.04.06"]
[SourceDate "2007.10.25"]

1. e4 d5 2. exd5 Qxd5 3. Nc3 Qd6 4. Nf3 Nf6 5. h3 a6 6. a4 Nc6 7. Bc4 h6 8. d3
Bf5 9. Be3 g5 10. Qd2 Bg6 11. O-O Bg7 12. Rab1 Rd8 13. Rfe1 e6 14. Ne2 Nd7 15.
b4 Nce5 16. Nxe5 Nxe5 17. Bb3 Bf5 18. Bc5 Qc6 19. Qe3 Ng6 20. b5 axb5 21. axb5
Qd7 22. Ng3 Nh4 23. Nxf5 Nxf5 24. Qe4 Nd6 25. Bxd6 cxd6 26. c4 O-O 27. Bc2 d5
28. Qe2 d4 29. Bd1 Rc8 30. Qe4 Rc5 31. Bf3 b6 32. Ra1 Qd6 33. g3 Bf6 34. Kg2
Kg7 35. Re2 Bd8 36. Ra7 Bc7 37. Ra8 Re5 38. Qxe5+ Qxe5 39. Rxe5 Bxe5 40. Ra7
Bd6 41. Bh5 Kf6 42. Kf3 e5 43. Ke4 Ke6 44. g4 Be7 45. Rb7 Bc5 46. f3 Kf6 47.
Rc7 Bd6 48. Rc6 Ke7 49. Rxb6 f6 50. Ra6 Rc8 51. Ra7+ Kd8 52. Kd5 Bc7 53. Bg6
Rb8 54. Ra6 e4 55. Bxe4 Be5 56. b6 Rb7 57. Bf5 1-0

[Event "Cergy Pontoise-Gonfreville l'Orcher II"]
[Site "Gonfreville l'Orcher"]
[Date "2008.04.06"]
[Round "11.7"]
[White "Ricroque, Jean Pierre"]
[Black "Charmeteau, Sven"]
[Result "1-0"]
[WhiteElo "1984"]
[BlackElo "2169"]
[PlyCount "83"]
[EventDate "2008.04.06"]
[SourceDate "2007.10.25"]

1. d4 Nf6 2. Nf3 g6 3. c4 Bg7 4. Nc3 d5 5. Qb3 dxc4 6. Qxc4 a6 7. e4 b5 8. Qb3
c5 9. e5 Be6 10. exf6 Bxb3 11. fxg7 Rg8 12. axb3 Nd7 13. dxc5 b4 14. Ne4 Qc8
15. Bc4 Nxc5 16. Nxc5 Qxc5 17. Be3 Qf5 18. O-O e6 19. Nd4 Qe4 20. Bxa6 Ke7 21.
Nf3 f6 22. Bc5+ Kf7 23. Bf8 Rxg7 24. Bxg7 Kxg7 25. Bc4 e5 26. Rxa8 Qxa8 27. Re1
Qa2 28. g4 Qxb2 29. g5 fxg5 30. Nxg5 Qc3 31. Re3 Qa1+ 32. Kg2 h6 33. Nf3 g5 34.
Nxe5 Qd4 35. h3 h5 36. Nf3 Qb2 37. Nxg5 Kf6 38. Ne4+ Kg6 39. Rf3 Qe5 40. Rg3+
Kh6 41. Ng5 Qxg5 42. Rxg5 1-0

[Event "Cergy Pontoise-Gonfreville l'Orcher II"]
[Site "Gonfreville l'Orcher"]
[Date "2008.04.06"]
[Round "11.8"]
[White "Ferry, Justine"]
[Black "Oberlin, Cecile"]
[Result "1-0"]
[WhiteElo "1874"]
[BlackElo "1640"]
[PlyCount "75"]
[EventDate "2008.04.06"]
[SourceDate "2007.10.25"]

1. d4 d5 2. c4 dxc4 3. e3 Nf6 4. Bxc4 e6 5. Nf3 Bb4+ 6. Bd2 Bxd2+ 7. Nbxd2 O-O
8. O-O Nc6 9. Rc1 Ne7 10. Qc2 c6 11. Rfd1 Qb6 12. Bd3 Qa5 13. Nc4 Qh5 14. Be2
Qg6 15. Qb3 Qf5 16. Nce5 Qe4 17. Rc5 b6 18. Bd3 bxc5 19. Bxe4 Nxe4 20. Qc2 Nf6
21. Qxc5 Ned5 22. Qxc6 Rb8 23. Qc2 Ba6 24. a3 Rfc8 25. Qb1 Nb6 26. Rc1 Na4 27.
Rxc8+ Bxc8 28. b4 Ba6 29. h3 Rc8 30. Kh2 Nc3 31. Qb2 Nd1 32. Qd2 Nc3 33. Ng5
Nfe4 34. Nxe4 Nxe4 35. Qb2 Nc3 36. Nd7 Ne4 37. Nc5 Nxc5 38. dxc5 1-0

[Event "Lisieux-Bois Colombes II"]
[Site "Gonfreville l'Orcher"]
[Date "2008.04.06"]
[Round "11.1"]
[White "Coursaget, Nicolas"]
[Black "Bernard, Vincent"]
[Result "1-0"]
[WhiteElo "2334"]
[BlackElo "2197"]
[PlyCount "59"]
[EventDate "2008.04.06"]
[SourceDate "2007.10.25"]

1. d4 d5 2. Nf3 Nf6 3. c4 c6 4. Nc3 e6 5. e3 Nbd7 6. Qc2 Bd6 7. g4 Bb4 8. Bd2
O-O 9. Rg1 dxc4 10. Bxc4 Re8 11. O-O-O b6 12. e4 Nf8 13. e5 Nd5 14. Ne4 Be7 15.
h4 Bb7 16. Bg5 Qd7 17. Bxe7 Qxe7 18. g5 Rec8 19. Kb1 c5 20. Nd6 Rc7 21. h5 cxd4
22. Nxb7 Rxb7 23. Nxd4 Rc7 24. Qb3 Rd8 25. Nb5 Rc5 26. Nd6 Nc7 27. f4 Ne8 28.
Ne4 Rxd1+ 29. Rxd1 Qb7 30. Nxc5 1-0

[Event "Lisieux-Bois Colombes II"]
[Site "Gonfreville l'Orcher"]
[Date "2008.04.06"]
[Round "11.3"]
[White "Marie, Maxime"]
[Black "Stenel, Vincent"]
[Result "1-0"]
[WhiteElo "2251"]
[BlackElo "2115"]
[PlyCount "65"]
[EventDate "2008.04.06"]
[SourceDate "2007.10.25"]

1. e4 e6 2. d4 d5 3. Nd2 Nf6 4. e5 Nfd7 5. Bd3 c5 6. c3 Nc6 7. Ne2 cxd4 8. cxd4
f6 9. exf6 Nxf6 10. O-O e5 11. Bb5 e4 12. f3 Bd6 13. fxe4 dxe4 14. Nc4 O-O 15.
Nxd6 Qxd6 16. Bf4 Qb4 17. Qa4 Bg4 18. Qxb4 Nxb4 19. Bd6 Nd3 20. Nf4 Rfd8 21.
Be5 Rac8 22. b3 Nd7 23. h3 N7xe5 24. dxe5 Bd7 25. Bc4+ Rxc4 26. bxc4 Nxe5 27.
Rae1 Nxc4 28. Nd5 Re8 29. Rf4 Bc6 30. Nb4 g5 31. Rg4 h6 32. Nxc6 bxc6 33. Rgxe4
1-0

[Event "Lisieux-Bois Colombes II"]
[Site "Gonfreville l'Orcher"]
[Date "2008.04.06"]
[Round "11.5"]
[White "Blanche, Paul"]
[Black "Metzger, Clement"]
[Result "0-1"]
[WhiteElo "2121"]
[BlackElo "2165"]
[PlyCount "74"]
[EventDate "2008.04.06"]
[SourceDate "2007.10.25"]

1. d4 g6 2. Nf3 Bg7 3. Bf4 d6 4. e3 Nf6 5. Be2 c6 6. h3 h6 7. c4 Na6 8. Nc3 Nc7
9. Qc2 Bf5 10. e4 Bd7 11. g4 h5 12. g5 Nh7 13. O-O-O b5 14. Bd3 Nf8 15. c5 e5
16. cxd6 exf4 17. dxc7 Qxc7 18. Nxb5 Qb8 19. Nc3 Ne6 20. e5 c5 21. Be4 O-O 22.
Bxa8 Qxa8 23. Qe4 Qd8 24. d5 Nxg5 25. Nxg5 Qxg5 26. Rhg1 Qxe5 27. Qxe5 Bxe5 28.
d6 Bxh3 29. Rd5 Bd4 30. d7 Rd8 31. Ne4 Rxd7 32. Rxd7 Bxd7 33. Rd1 Bc6 34. f3
Kg7 35. Kc2 f5 36. Nf2 g5 37. Nh3 Bxf3 0-1

[Event "Lisieux-Bois Colombes II"]
[Site "Gonfreville l'Orcher"]
[Date "2008.04.06"]
[Round "11.7"]
[White "Nadin, Stephanie"]
[Black "Choisy, Mathilde"]
[Result "0-1"]
[WhiteElo "1799"]
[BlackElo "2094"]
[PlyCount "74"]
[EventDate "2008.04.06"]
[SourceDate "2007.10.25"]

1. d4 d6 2. c4 g6 3. Nc3 Bg7 4. e4 e5 5. d5 f5 6. f3 Nf6 7. Bd3 O-O 8. Nge2 Na6
9. Bg5 f4 10. g3 h6 11. Bxf6 Qxf6 12. gxf4 Qh4+ 13. Kd2 exf4 14. e5 Bf5 15.
Bxf5 Rxf5 16. e6 Kh7 17. Qe1 Qf6 18. h4 c6 19. Rd1 cxd5 20. cxd5 Rxd5+ 21. Kc1
Rxd1+ 22. Qxd1 Nb4 23. Qb3 Nd3+ 24. Kb1 Nc5 25. Qd5 Nxe6 26. Qxb7 Rd8 27. h5 g5
28. Qe4+ Kh8 29. Rd1 Nc5 30. Qc6 g4 31. Rd2 g3 32. Nd5 Qf5+ 33. Ka1 Qxh5 34.
Rd1 Qxf3 35. Qc7 Qxe2 36. Qxd8+ Kh7 37. Rb1 Nb3+ 0-1

[Event "Lisieux-Bois Colombes II"]
[Site "Gonfreville l'Orcher"]
[Date "2008.04.06"]
[Round "11.8"]
[White "Frih, Ameur"]
[Black "Doucet, Antoine"]
[Result "1-0"]
[WhiteElo "2109"]
[BlackElo "1870"]
[PlyCount "65"]
[EventDate "2008.04.06"]
[SourceDate "2007.10.25"]

1. d4 d5 2. c4 e6 3. Nc3 Nf6 4. cxd5 exd5 5. Bg5 Nbd7 6. Qc2 c6 7. e3 Be7 8.
Bd3 O-O 9. Nge2 Re8 10. O-O Nf8 11. Rae1 g6 12. f3 Ne6 13. Bh4 Ng7 14. Kh1 Nf5
15. Bf2 Bb4 16. e4 dxe4 17. fxe4 Ng7 18. Bh4 Be7 19. h3 Ne6 20. e5 Nd5 21. Bxe7
Rxe7 22. Qd2 Ng7 23. Ng3 Be6 24. Nce4 Nf5 25. Nxf5 Bxf5 26. Rxf5 gxf5 27. Qg5+
Kh8 28. Nf6 Nxf6 29. Qxf6+ Kg8 30. Bxf5 Re8 31. Qh6 Qxd4 32. Bxh7+ Kh8 33. Bg6+
1-0

[Event "Sautron-Evry Grand Roque II"]
[Site "Sautron"]
[Date "2008.04.06"]
[Round "11.1"]
[White "Pham Minh, Hoang"]
[Black "Moussard, Jules"]
[Result "1-0"]
[WhiteElo "2479"]
[BlackElo "2283"]
[PlyCount "80"]
[EventDate "2008.04.06"]
[SourceDate "2007.10.25"]

1. d4 Nf6 2. c4 e6 3. g3 c5 4. d5 exd5 5. cxd5 d6 6. Nc3 g6 7. Bg2 Bg7 8. Nf3
O-O 9. O-O Re8 10. a4 Nbd7 11. h3 a6 12. Nd2 Rb8 13. Nc4 Ne5 14. Na3 Qc7 15. f4
Ned7 16. e4 c4 17. Kh2 Qc5 18. Re1 b5 19. axb5 axb5 20. Be3 Qb4 21. Qb1 Qb3 22.
Nc2 b4 23. Nd4 bxc3 24. Nxb3 Rxb3 25. Ra3 Rxb2 26. Qd1 Nxe4 27. Bc1 Rxg2+ 28.
Kxg2 Ndc5 29. g4 Nd3 30. Re3 f5 31. Ra8 Nxf4+ 32. Kf1 Rf8 33. gxf5 gxf5 34.
Rxe4 c2 35. Qxc2 fxe4 36. Bxf4 Bxh3+ 37. Kg1 Rxa8 38. Qxc4 Bf5 39. Bxd6 Re8 40.
Bb4 Rc8 {suite illisible} 1-0

[Event "Sautron-Evry Grand Roque II"]
[Site "Sautron"]
[Date "2008.04.06"]
[Round "11.2"]
[White "Betton, Olivier"]
[Black "Tripoteau, Nicolas"]
[Result "0-1"]
[WhiteElo "2194"]
[BlackElo "2347"]
[PlyCount "126"]
[EventDate "2008.04.06"]
[SourceDate "2007.10.25"]

1. c4 c5 2. g3 g6 3. Bg2 Bg7 4. Nc3 Nc6 5. a3 a5 6. Nh3 d6 7. Nf4 e6 8. Rb1
Nge7 9. O-O O-O 10. Nd3 Qb6 11. Nb5 d5 12. b3 Rd8 13. Bb2 Nd4 14. Bxd4 cxd4 15.
a4 e5 16. Rc1 Bd7 17. c5 Qc6 18. b4 e4 19. Nf4 axb4 20. d3 Bf5 21. Qb3 Be5 22.
Qxb4 g5 23. dxe4 dxe4 24. Nd3 Bg7 25. Nb2 Nd5 26. Qb3 Rac8 27. Na7 Qc7 28. Nxc8
Qxc8 29. Qc4 Nc3 30. Rc2 Be6 31. Qb4 Rd5 32. Nc4 Rxc5 33. Nd6 Qc7 34. Nb5 Qb6
35. Qa3 Rc4 36. Nxc3 dxc3 37. Rd1 Rd4 38. Rdc1 Rc4 39. e3 Qb4 40. Qxb4 Rxb4 41.
a5 f5 42. Bf1 Rb3 43. a6 bxa6 44. Bxa6 Kf8 45. Kf1 Ke7 46. Ke1 Ra3 47. Be2 Kd6
48. Rb1 Kc6 49. Bd1 Bc4 50. Be2 Bd3 51. Bd1 Be5 52. Rbc1 Kc5 53. Rb1 f4 54.
Rbc1 h6 55. gxf4 gxf4 56. exf4 Bd4 57. f5 Bf6 58. Be2 Kd4 59. Rd1 Ra5 60. f3
Ke3 61. Rdc1 Bxc2 62. Rxc2 Ra1+ 63. Bd1 Bh4+ 0-1

[Event "Sautron-Evry Grand Roque II"]
[Site "Sautron"]
[Date "2008.04.06"]
[Round "11.3"]
[White "Stephan, Jean Marie"]
[Black "Maisuradze, Nino"]
[Result "0-1"]
[WhiteElo "2218"]
[BlackElo "2267"]
[PlyCount "104"]
[EventDate "2008.04.06"]
[SourceDate "2007.10.25"]

1. e4 c5 2. Nf3 Nc6 3. Nc3 e5 4. Bc4 d6 5. d3 Be7 6. O-O Nf6 7. Ng5 O-O 8. f4
h6 9. Nf3 Nd4 10. f5 Bd7 11. a4 a6 12. Nxd4 cxd4 13. Nd5 Bc6 14. Nxf6+ Bxf6 15.
Qg4 Kh7 16. Rf3 d5 17. exd5 Bxd5 18. Bxd5 Qxd5 19. Rh3 Rh8 20. Qh5 Kg8 21. Qg4
Kf8 22. Bd2 Rg8 23. c4 dxc3 24. Bxc3 Be7 25. Qe4 Bc5+ 26. Kf1 Qxe4 27. dxe4 f6
28. Rd3 Ke7 29. Rd5 Rac8 30. Rad1 Rgd8 31. Ke2 Rxd5 32. Rxd5 Bd6 33. g4 Rc4 34.
Kd3 Rxa4 35. Ra5 Rxa5 36. Bxa5 b5 37. Bb6 Kd7 38. b3 Kc6 39. Bd8 Kc5 40. Kc3
b4+ 41. Kd3 Kb5 42. h4 a5 43. g5 fxg5 44. hxg5 hxg5 45. Bxg5 a4 46. bxa4+ Kxa4
47. Bc1 Kb3 48. Bd2 Ka2 49. Kc4 b3 50. Bc3 b2 51. Bxb2 Kxb2 52. Kd5 Bb8 0-1

[Event "Sautron-Evry Grand Roque II"]
[Site "Sautron"]
[Date "2008.04.06"]
[Round "11.4"]
[White "Roumegous, Etienne"]
[Black "Levasseur, Philippe"]
[Result "0-1"]
[WhiteElo "2127"]
[BlackElo "2182"]
[PlyCount "78"]
[EventDate "2008.04.06"]
[SourceDate "2007.10.25"]

1. d4 d5 2. c4 c6 3. Nc3 Nf6 4. Nf3 dxc4 5. Ne5 b5 6. g3 Bb7 7. Bg2 Qb6 8. b3
cxb3 9. Qxb3 e6 10. O-O Nbd7 11. Bf4 Nxe5 12. Bxe5 Nd7 13. Bh3 Nxe5 14. dxe5
Qc7 15. Bg2 a6 16. f4 Be7 17. Rac1 O-O 18. Kh1 c5 19. Ne4 Rad8 20. Qe3 c4 21.
g4 Bxe4 22. Bxe4 g6 23. h4 Qc5 24. Qg3 Rd4 25. Bc2 Qd5+ 26. Kh2 Rd2 27. Rf2 Bc5
28. Rg2 Qd4 29. Bb1 Qe3 30. Rc3 Qxg3+ 31. Kxg3 Rfd8 32. a4 Bb4 33. Rc1 Ba3 34.
Rc3 Bb2 35. Rc2 Rxc2 36. Bxc2 b4 37. f5 b3 38. Be4 Bxe5+ 39. Kf3 c3 0-1

[Event "Sautron-Evry Grand Roque II"]
[Site "Sautron"]
[Date "2008.04.06"]
[Round "11.5"]
[White "Rate, Bruno"]
[Black "Guillon, Cyril"]
[Result "0-1"]
[WhiteElo "2105"]
[BlackElo "2195"]
[PlyCount "84"]
[EventDate "2008.04.06"]
[SourceDate "2007.10.25"]

1. d4 f5 2. c4 Nf6 3. Nf3 d6 4. g3 g6 5. Bg2 Bg7 6. Nc3 O-O 7. O-O Qe8 8. d5
Na6 9. Nd4 Bd7 10. Rb1 Nc5 11. b4 Nce4 12. Nxe4 fxe4 13. f3 e5 14. dxe6 Bxe6
15. Nxe6 Qxe6 16. Qb3 Rae8 17. fxe4 Nxe4 18. Rxf8+ Rxf8 19. Qe3 Qf5 20. Qf4
Nxg3 21. Qxf5 Nxf5 22. Bxb7 Bd4+ 23. Kg2 Kg7 24. Bd2 h6 25. Rb3 g5 26. Rd3 Nh4+
27. Kh3 Be5 28. Be3 Rb8 29. Bd5 Rxb4 30. Bxa7 Ra4 31. Bf2 Ng6 32. Bg3 Rxa2 33.
e3 Rc2 34. Rb3 Kf6 35. Kg4 c6 36. Bg8 Ne7 37. Bh7 Rxc4+ 38. Kh5 Bxg3 39. hxg3
Rc1 40. Be4 d5 41. Bf3 Rc2 42. Bd1 Rd2 0-1

[Event "Sautron-Evry Grand Roque II"]
[Site "Sautron"]
[Date "2008.04.06"]
[Round "11.6"]
[White "Guyard, Rodolphe"]
[Black "Sorin, Baptiste"]
[Result "0-1"]
[WhiteElo "2113"]
[BlackElo "2156"]
[PlyCount "88"]
[EventDate "2008.04.06"]
[SourceDate "2007.10.25"]

1. b3 e5 2. Bb2 d6 3. g3 g6 4. f4 Bg7 5. Nf3 f6 6. Bg2 e4 7. Ng5 d5 8. O-O Ne7
9. e3 O-O 10. Nh3 c5 11. Nf2 f5 12. Bxg7 Kxg7 13. d4 cxd4 14. Qxd4+ Kg8 15. c3
Nbc6 16. Qd2 Be6 17. Na3 Rc8 18. Rac1 Qa5 19. Qb2 Qb6 20. Nd1 h6 21. Rf2 g5 22.
Nc2 gxf4 23. gxf4 Rf7 24. Kh1 Kh7 25. Nd4 Nxd4 26. exd4 Ng6 27. Ne3 Qd6 28.
Rcf1 b5 29. Qd2 a5 30. Nd1 Rg7 31. Qe3 Rcg8 32. Qh3 b4 33. cxb4 Qxb4 34. Ne3
Qxd4 35. Nxf5 Bxf5 36. Qxf5 Rf8 37. Qh5 e3 38. f5 exf2 39. fxg6+ Rxg6 40. Qxd5
Qxd5 41. Bxd5 Rg5 42. Be4+ Kg7 43. h3 Re8 44. Bg2 Re1 0-1

[Event "Sautron-Evry Grand Roque II"]
[Site "Sautron"]
[Date "2008.04.06"]
[Round "11.7"]
[White "Primel, Dominique"]
[Black "Neuhauser, Salome"]
[Result "1-0"]
[WhiteElo "1989"]
[BlackElo "1945"]
[PlyCount "61"]
[EventDate "2008.04.06"]
[SourceDate "2007.10.25"]

1. Nf3 Nf6 2. c4 c5 3. Nc3 Nc6 4. d4 cxd4 5. Nxd4 g6 6. e4 d6 7. Be2 Bg7 8. Be3
O-O 9. O-O Bd7 10. Qd2 Nxd4 11. Bxd4 Bc6 12. f3 Nd7 13. Be3 a6 14. Rac1 Rc8 15.
Rfd1 b6 16. b3 Bb7 17. Nd5 Bxd5 18. cxd5 b5 19. Rxc8 Qxc8 20. Rc1 Qb7 21. Qc2
Rb8 22. Qc6 Nc5 23. Qxb7 Nxb7 24. Rc7 Bf6 25. Ba7 Ra8 26. Bb6 Nd8 27. a4 bxa4
28. bxa4 a5 29. Bb5 Kf8 30. Kf1 Be5 31. Rd7 1-0

[Event "Sautron-Evry Grand Roque II"]
[Site "Sautron"]
[Date "2008.04.06"]
[Round "11.8"]
[White "Stojanovic, Vojislav"]
[Black "Terrazzoni, Claire"]
[Result "1-0"]
[WhiteElo "1901"]
[BlackElo "1430"]
[PlyCount "83"]
[EventDate "2008.04.06"]
[SourceDate "2007.10.25"]

1. e4 e5 2. Nf3 Nc6 3. Bc4 Be7 4. d4 exd4 5. Nxd4 Nf6 6. Nxc6 bxc6 7. e5 Nd5 8.
Bxd5 cxd5 9. Qxd5 c6 10. Qd3 O-O 11. O-O d6 12. Bf4 dxe5 13. Qxd8 Rxd8 14. Bxe5
Bc5 15. Bc3 Ba6 16. Re1 Re8 17. Nd2 Rxe1+ 18. Rxe1 h6 19. Nb3 Bb6 20. Ba5 Bxa5
21. Nxa5 c5 22. b3 Rd8 23. c4 Rc8 24. f3 g5 25. Re7 Ra8 26. Nc6 Rc8 27. Nxa7
Rd8 28. Kf2 Rd2+ 29. Re2 Rd7 30. Nb5 Rb7 31. Nc3 Rd7 32. Na4 Rc7 33. Re5 Rd7
34. Nxc5 Rd2+ 35. Ke3 Rxa2 36. Re8+ Kg7 37. Ra8 Ra3 38. Rxa6 Rxa6 39. Nxa6 Kf6
40. b4 Ke7 41. b5 Kd8 42. c5 1-0